[Event "Wakefield 4NCL op-B 13th"]
[White "Stone, Ian C"]
[Black "Procter, Colin S"]
[Site "Wakefield"]
[Round "3.20"]
[Result "1-0"]
[Date "2017.04.08"]
[WhiteElo "1668"]
[BlackElo "1804"]
[PlyCount "105"]
[EventDate "2017.04.07"]
[EventType "swiss"]
[EventRounds "5"]
[EventCountry "ENG"]
[SourceTitle "EXT 2023"]
[Source "ChessBase"]
[SourceDate "2022.10.05"]
[SourceVersion "1"]
[SourceVersionDate "2022.10.05"]
[SourceQuality "1"]

1. c4 e6 2. Nc3 d5 3. b3 Nf6 4. e3 d4 5. exd4 Qxd4 6. Nf3 Qd8 7. Be2 c5 8. 0-0 Nc6 9. Bb2 Be7 10. d3 0-0 11. a3 b6 12. Qc2 Bb7 13. Rad1 e5 14. Ne4 Nd4 15. Nxf6+ Bxf6 16. Bxd4 exd4 17. Rde1 Qd7 18. Bd1 Rae8 19. Nd2 Rxe1 20. Rxe1 Re8 21. Rxe8+ Qxe8 22. Nf1 g6 23. Be2 Bg5 24. Qd1 f5 25. Bf3 Qe7 26. Bxb7 Qxb7 27. h3 Kf7 28. Nh2 b5 29. Nf3 Bf6 30. cxb5 Qxb5 31. Qc2 Qa5 32. Qc4+ Kg7 33. b4 cxb4 34. axb4 Qb6 35. b5 Be7 36. g4 fxg4 37. hxg4 h5 38. Ne5 Qf6 39. Qxd4 hxg4 40. Qe4 g3 41. fxg3 Bc5+ 42. d4 Bb6 43. Qb7+ Kg8 44. Qe4 Kg7 45. Kg2 Qg5 46. Nf3 Qxb5 47. Qe7+ Kh6 48. Qe1 Kh7 49. Qe7+ Kh6 50. g4 Qc6 51. Kg3 g5 52. Qf8+ Kg6 53. Ne5+ 1-0